Introductory Econometrics A Modern Approach
Na minha lista:
| Autor principal: | |
|---|---|
| Formato: | Livro |
| Idioma: | inglês |
| Publicado em: |
Boston
Cengage Learning
2020
|
| Edição: | 7th Edition |
| Assuntos: | |
| Tags: |
Sem tags, seja o primeiro a adicionar uma tag!
|
MARC
| LEADER | 00000nam a2200000 4500 | ||
|---|---|---|---|
| 001 | 0279803 | ||
| 005 | 20250515110644.3 | ||
| 020 | |a 978-1-337-55886-0 | ||
| 041 | 0 | |a eng | |
| 044 | |a US | ||
| 245 | 1 | 0 | |a Introductory Econometrics |b A Modern Approach |c Jeffrey M. Wooldridge |
| 250 | |a 7th Edition | ||
| 264 | 1 | |a Boston |b Cengage Learning |c 2020 | |
| 300 | |a 826 s. | ||
| 610 | 2 | 0 | |a ekonometria |
| 610 | 2 | 0 | |a analýza regresná |
| 610 | 2 | 0 | |a rady časové |
| 610 | 2 | 0 | |a spracovanie dát |
| 610 | 2 | 0 | |a štatistika matematická |
| 610 | 2 | 0 | |a modely lineárne |
| 610 | 2 | 0 | |a modelovanie ekonometrické |
| 100 | 1 | |a Wooldridge, Jeffrey M. | |